| Поле | Название | Значение |
| |
Тип записи |
c |
| |
Библиографический уровень |
m |
| 001 |
Контрольный номер |
RU/УОНБ/EK_N/684160828 |
| 005 |
Дата корректировки |
20251120100741.0 |
| 010 |
Индекс ISBN |
__ |
| 9 |
Тираж |
40000 экз. |
| 013 |
Номер (ISMN) |
__ |
| d |
Цена |
95 к. |
| 071 |
Издательские номер (звукозапись и ноты) |
21 |
| a |
Номер, присвоенный агентством |
4898 |
| 100 |
Данные общей обработки |
__ |
| a |
Данные общей обработки |
20210907d1979 d y0rusy0189||||ca |
| 101 |
Язык документа |
0_ |
| a |
Язык текста |
rus |
| f |
Язык титульного листа |
rus |
| 102 |
Страна публикации |
__ |
| a |
Страна публикации |
RU |
| 105 |
Кодированные данные (монография) |
__ |
| a |
Кодированные данные (монография) |
y###||||000|y |
| 125 |
Кодированные данные звукозаписи и нотных изданий |
__ |
| a |
Форма изложения нотного текста |
с| |
| 128 |
Кодированные данные (звукозаписи-физические характеристики) |
__ |
| a |
Кодированные данные: Музыкальная форма и тональность или лад |
zz |
| b |
Инструменты или голоса, необходимые для ансамблей (устаревшее) |
cd|| |
| 200 |
Заглавие и сведения об ответственности |
1_ |
| a |
Заглавие |
Вып. 6 |
| f |
Первые сведения об ответственности |
сост. и перелож. И. Зикса |
| 210 |
Выходные данные |
1_ |
| d |
Дата издания |
1979 |
| 215 |
Физическое описание |
__ |
| a |
Объем |
80 с. |
| 327 |
Примечание о содержании |
11 |
| a |
Примечание о содержании |
Содерж. : Александров А. В. Государственный Гимн Союза Советских Социалистических Республик / сл. С. Михалкова и Г. Эль-Регистана. - Дегейтер П. Интернационал / сл. Э. Потье ; рус. текст А. Коца. - Варшавянка : старая революц. песня / сл. Г. Кржижановского. - Замучен тяжёлой неволей : старая революц. песня / обраб. В. Белого ; сл. Л. Радина. - Гурьев Ю. Солнечные горки / сл. М. Пляцковского. - Новиков А. Песня о Ленине / сл. Р. Селянина ; Песня о Чапаеве / сл. С. Болотина. - Компанеец З. Встало солнце / сл. Л. Кондрашенко. - Чернов А. Отвага! Дружба! Честь! / сл. Ю. Принцева и В. Гурьяна. - Островский А. Чудесно живётся / сл. Г. Рублёва ; Девчонки и мальчишки / сл. И. Дика. - Чичков Ю. Наша школьная страна / сл. К. Ибряева ; Песенка про жирафа : из кф. "Новые приключения Дони и Мики" / сл. Ю. Энтина. - Пахмутова А. Замечательный вожатый ; Песня о пионерах-героях : из кантаты "Красные следопыты" / сл. С. Гребенникова и Н. Добронравова ; Мы на огненных мчались конях / сл. С. Гребенникова. - Губарьков Н. Марш пионерских дружин / сл. Г. Ходосова. - Локтев В. Товарищи / сл. А. Суркова. - Тиличеева Е. Пионер шагает по планете / сл. В. Коркина. - Долуханян А. Дружеская песня / сл. М. Лисянского. - Флярковский А. Пионерская честь / сл. С. Богомазова. - Светлячок : груз. нар. песня / обраб. В. Гокиели ; рус. текст Л. Некрасовой. - Лагидзе Р. Песня о Тбилиси / сл. П. Грузинского. - Ой, по-над Волгой : соврем. нар. песня / обраб. В. Локтева. - Дубинушка : рус. нар. песня / обраб. А. Новикова. - Яковлев М. Зимний вечер / сл. А. Пушкина. - Глинка М. Воет ветер в чистом поле ; Ты, соловушка, умолкни / сл. В. Забеллы. - Шварц Л. Далёко, далёко, за морем : песня старого шарманщика : из кф. "Золотой ключик" / сл. М. Фромана. - Свечников А. Матросская партизанская песня : из кф. "Неразлучные друзья" / сл. Б. Палийчука. - Родные просторы : ковбой. песня / пер. Ю. Хазанова. - Мама, чао! : итал. песня / обраб. В. Локтева ; рус. текст А. Тверского. - Рустамов Р. Весёлая песенка / сл. В. Коркина. - Дунаевский И. Марш юннатов / сл. М. Матусовского. |
| 461 |
Уровень набора |
_0 |
| 1 |
|
001RU/УОНБ/EK_N/683901462 |
| 1 |
|
200 |
| a |
|
Пение в школе |
| b |
|
Ноты |
| e |
|
в сопровожд. баяна или аккордеона |
| e |
|
пособие для учителя |
| v |
|
Вып. 6 |
| 1 |
|
210 |
| a |
|
М. |
| c |
|
Советский композитор |
| d |
|
1974 - |
| 464 |
Аналитический уровень |
_0 |
| 1 |
|
2001 |
| a |
|
Государственный Гимн Союза Советских Социалистичесчких Республик |
| e |
|
Союз нерушимый республик свободных... |
| 1 |
|
700 1 |
| a |
|
Александров |
| b |
|
А. В. |
| 1 |
|
702 1 |
| a |
|
Михалков |
| b |
|
С. |
| 4 |
|
520 |
| 1 |
|
702 1 |
| a |
|
Эль-Регистан |
| b |
|
Г. |
| 4 |
|
520 |
| 464 |
Аналитический уровень |
_0 |
| 1 |
|
2001 |
| a |
|
Интернационал |
| e |
|
Вставай, проклятьем заклеймённый... |
| 1 |
|
700 1 |
| a |
|
Дегейтер |
| b |
|
П. |
| 1 |
|
702 1 |
| a |
|
Потье |
| b |
|
Э. |
| 4 |
|
520 |
| 1 |
|
702 1 |
| a |
|
Коц |
| b |
|
А. |
| 4 |
|
730 |
| 464 |
Аналитический уровень |
_0 |
| 1 |
|
2001 |
| a |
|
Варшавянка |
| e |
|
Вихри враждебные веют над нами... |
| e |
|
старая революц. песня |
| 1 |
|
702 1 |
| a |
|
Кржижановский |
| b |
|
Г. |
| 4 |
|
520 |
| 1 |
|
702 1 |
| a |
|
Белый |
| b |
|
В. |
| 4 |
|
030 |
| 464 |
Аналитический уровень |
_0 |
| 1 |
|
2001 |
| a |
|
Замучен тяжёлой неволей |
| e |
|
Замучен тяжёлой неволей... |
| e |
|
старая революц. песня |
| 1 |
|
702 1 |
| a |
|
Белый |
| b |
|
В. |
| 4 |
|
030 |
| 1 |
|
702 1 |
| a |
|
Радин |
| b |
|
Л. |
| 4 |
|
520 |
| 464 |
Аналитический уровень |
_0 |
| 1 |
|
2001 |
| a |
|
Солнечные Горки |
| e |
|
В парке слышно листьев шелестенье... |
| 1 |
|
700 1 |
| a |
|
Гурьев |
| b |
|
Ю. |
| 1 |
|
702 1 |
| a |
|
Пляцковский |
| b |
|
М. |
| 4 |
|
520 |
| 464 |
Аналитический уровень |
_0 |
| 1 |
|
2001 |
| a |
|
Песня о Ленине |
| e |
|
В маленьком и тихом городе Симбирске... |
| 1 |
|
700 1 |
| a |
|
Новиков |
| b |
|
А. |
| 1 |
|
702 1 |
| a |
|
Селянин |
| b |
|
Р. |
| 4 |
|
520 |
| 464 |
Аналитический уровень |
_0 |
| 1 |
|
2001 |
| a |
|
Встало солнце |
| e |
|
Встало солнце на ноги... |
| 1 |
|
700 1 |
| a |
|
Компанеец |
| b |
|
З. |
| 1 |
|
702 1 |
| a |
|
Кондрашенко |
| b |
|
Л. |
| 4 |
|
520 |
| 464 |
Аналитический уровень |
_0 |
| 1 |
|
2001 |
| a |
|
Отвага! Дружба! Честь! |
| e |
|
Пусть ветер бьёт в лицо... |
| 1 |
|
700 1 |
| a |
|
Чернов |
| b |
|
А. |
| 1 |
|
702 1 |
| a |
|
Принцев |
| b |
|
Ю. |
| 4 |
|
520 |
| 1 |
|
702 1 |
| a |
|
Гурьян |
| b |
|
В. |
| 4 |
|
520 |
| 464 |
Аналитический уровень |
_0 |
| 1 |
|
2001 |
| a |
|
Чудесно живётся |
| e |
|
С барабаном, с красным флагом... |
| 1 |
|
700 1 |
| a |
|
Островский |
| b |
|
А. |
| 1 |
|
702 1 |
| a |
|
Рублёв |
| b |
|
Г. |
| 4 |
|
520 |
| 464 |
Аналитический уровень |
_0 |
| 1 |
|
2001 |
| a |
|
Наша школьная страна |
| e |
|
Не крутите пёстрый глобус... |
| 1 |
|
700 1 |
| a |
|
Чичков |
| b |
|
Ю. |
| 1 |
|
702 1 |
| a |
|
Ибряев |
| b |
|
К. |
| 4 |
|
520 |
| 464 |
Аналитический уровень |
_0 |
| 1 |
|
2001 |
| a |
|
Замечательный вожатый |
| e |
|
Замечательный вожатый есть, друзья, у нас... |
| e |
|
из кантаты "Красные следопыты" |
| 1 |
|
700 1 |
| a |
|
Пахмутова |
| b |
|
А. |
| 1 |
|
702 1 |
| a |
|
Гребенников |
| b |
|
С. |
| 4 |
|
520 |
| 1 |
|
702 1 |
| a |
|
Добронравов |
| b |
|
Н. |
| 4 |
|
520 |
| 1 |
|
50010 |
| a |
|
Красные следопыты |
| 464 |
Аналитический уровень |
_0 |
| 1 |
|
2001 |
| a |
|
Марш пионерских дружин |
| e |
|
Мы - пионеры Советской страны... |
| 1 |
|
700 1 |
| a |
|
Губарьков |
| b |
|
Н. |
| 1 |
|
702 1 |
| a |
|
Ходосов |
| b |
|
Г. |
| 4 |
|
520 |
| 464 |
Аналитический уровень |
_0 |
| 1 |
|
2001 |
| a |
|
Товарищи |
| e |
|
Под вечер мы идём вдвоём... |
| 1 |
|
700 1 |
| a |
|
Локтев |
| b |
|
В. |
| 1 |
|
702 1 |
| a |
|
Сурков |
| b |
|
А. |
| 4 |
|
520 |
| 464 |
Аналитический уровень |
_0 |
| 1 |
|
2001 |
| a |
|
Пионер шагает по планете |
| e |
|
Если друга, если друга хочешь встретить... |
| 1 |
|
700 1 |
| a |
|
Тиличеева |
| b |
|
Е. |
| 1 |
|
702 1 |
| a |
|
Коркин |
| b |
|
В. |
| 4 |
|
520 |
| 464 |
Аналитический уровень |
_0 |
| 1 |
|
2001 |
| a |
|
Дружеская песня |
| e |
|
Снег кружится белокрылый над тропой... |
| 1 |
|
700 1 |
| a |
|
Долуханян |
| b |
|
А. |
| 1 |
|
702 1 |
| a |
|
Лисянский |
| b |
|
М. |
| 4 |
|
520 |
| 464 |
Аналитический уровень |
_0 |
| 1 |
|
2001 |
| a |
|
Пионерская честь |
| e |
|
Если где-то в далёкой стране... |
| 1 |
|
700 1 |
| a |
|
Флярковский |
| b |
|
А. |
| 1 |
|
702 1 |
| a |
|
Богомазов |
| b |
|
С. |
| 4 |
|
520 |
| 464 |
Аналитический уровень |
_0 |
| 1 |
|
2001 |
| a |
|
Светлячок |
| e |
|
Светлячок, мой светлячок... |
| e |
|
груз. нар. песня |
| 1 |
|
702 1 |
| a |
|
Гокиели |
| b |
|
В. |
| 4 |
|
030 |
| 1 |
|
702 1 |
| a |
|
Некрасова |
| b |
|
Л. |
| 4 |
|
730 |
| 464 |
Аналитический уровень |
_0 |
| 1 |
|
2001 |
| a |
|
Песня о Тбилиси |
| e |
|
Такой лазурный небосвод... |
| 1 |
|
700 1 |
| a |
|
Лагидзе |
| b |
|
Р. |
| 1 |
|
702 1 |
| a |
|
Грузинский |
| b |
|
П. |
| 4 |
|
520 |
| 464 |
Аналитический уровень |
_0 |
| 1 |
|
2001 |
| a |
|
Ой, по-над Волгой |
| e |
|
Ой, по-над Волгой леса зеленеют... |
| e |
|
соврем. нар. песня |
| 1 |
|
702 1 |
| a |
|
Локтев |
| b |
|
В. |
| 4 |
|
030 |
| 464 |
Аналитический уровень |
_0 |
| 1 |
|
2001 |
| a |
|
Дубинушка |
| e |
|
Много песен слыхал я... |
| e |
|
рус. нар. песня |
| 1 |
|
702 1 |
| a |
|
Новиков |
| b |
|
Ан. |
| 4 |
|
030 |
| 464 |
Аналитический уровень |
_0 |
| 1 |
|
2001 |
| a |
|
Зимний вечер |
| e |
|
Буря мглою небо кроет... |
| 1 |
|
700 1 |
| a |
|
Яковлев |
| b |
|
М. |
| 1 |
|
702 1 |
| a |
|
Пушкин |
| b |
|
А. |
| 4 |
|
520 |
| 464 |
Аналитический уровень |
_0 |
| 1 |
|
2001 |
| a |
|
Воет ветер в чистом поле |
| e |
|
Воет ветер в чистом поле... |
| 1 |
|
700 1 |
| a |
|
Глинка |
| b |
|
М. |
| 1 |
|
702 1 |
| a |
|
Забелла |
| b |
|
В. |
| 4 |
|
520 |
| 464 |
Аналитический уровень |
_0 |
| 1 |
|
2001 |
| a |
|
Далёко, далёко, за морем |
| e |
|
Далёко, далёко, за морем... |
| e |
|
песня старого шарманщика |
| e |
|
из кф. "Золотой ключик" |
| 1 |
|
700 1 |
| a |
|
Шварц |
| b |
|
Л. |
| 1 |
|
702 1 |
| a |
|
Фроман |
| b |
|
М. |
| 4 |
|
520 |
| 1 |
|
50010 |
| a |
|
Золотой ключик |
| 464 |
Аналитический уровень |
_0 |
| 1 |
|
2001 |
| a |
|
Песня о Чапаеве |
| e |
|
По Уралу свинцовые хлещут дожди... |
| 1 |
|
700 1 |
| a |
|
Новиков |
| b |
|
А. |
| 1 |
|
702 1 |
| a |
|
Болотин |
| b |
|
С. |
| 4 |
|
520 |
| 464 |
Аналитический уровень |
_0 |
| 1 |
|
2001 |
| a |
|
Матросская партизанская песня |
| e |
|
Берег родной чернеет за кормой... |
| e |
|
из кф. "Неразлучные друзья" |
| 1 |
|
700 1 |
| a |
|
Свечников |
| b |
|
А. |
| 1 |
|
702 1 |
| a |
|
Палийчук |
| b |
|
Б. |
| 4 |
|
520 |
| 1 |
|
50010 |
| a |
|
Неразлучные друзья |
| 464 |
Аналитический уровень |
_0 |
| 1 |
|
2001 |
| a |
|
Песня о пионерах-героях |
| e |
|
Шумела гроза над землёю... |
| e |
|
из кантаты "Красные следопыты" |
| 1 |
|
700 1 |
| a |
|
Пахмутова |
| b |
|
А. |
| 1 |
|
702 1 |
| a |
|
Гребенников |
| b |
|
С. |
| 4 |
|
520 |
| 1 |
|
702 1 |
| a |
|
Добронравов |
| b |
|
Н. |
| 4 |
|
520 |
| 1 |
|
50010 |
| a |
|
Красные следопыты |
| 464 |
Аналитический уровень |
_0 |
| 1 |
|
2001 |
| a |
|
Родные просторы |
| e |
|
Прожить бы весь век средь просторов... |
| e |
|
ковбой. песня |
| 1 |
|
702 1 |
| a |
|
Хазанов |
| b |
|
Ю. |
| 4 |
|
730 |
| 464 |
Аналитический уровень |
_0 |
| 1 |
|
2001 |
| a |
|
Мама, чао! |
| e |
|
Я проснулся сегодня рано... |
| e |
|
итал. песня |
| 1 |
|
702 1 |
| a |
|
Локтев |
| b |
|
В. |
| 4 |
|
030 |
| 1 |
|
702 1 |
| a |
|
Тверской |
| b |
|
А. |
| 4 |
|
730 |
| 464 |
Аналитический уровень |
_0 |
| 1 |
|
2001 |
| a |
|
Девчонки и мальчишки |
| e |
|
Ровесницы, ровесники... |
| 1 |
|
700 1 |
| a |
|
Островский |
| b |
|
А. |
| 1 |
|
702 1 |
| a |
|
Дик |
| b |
|
И. |
| 4 |
|
520 |
| 464 |
Аналитический уровень |
_0 |
| 1 |
|
2001 |
| a |
|
Песенка про жирафа |
| e |
|
Есть на свете место беззаботное... |
| e |
|
из кф. "Новые приключения Дони и Мики" |
| 1 |
|
700 1 |
| a |
|
Чичков |
| b |
|
Ю. |
| 1 |
|
702 1 |
| a |
|
Энтин |
| b |
|
Ю. |
| 4 |
|
520 |
| 1 |
|
50010 |
| a |
|
Новые приключения Дони и Мики |
| 464 |
Аналитический уровень |
_0 |
| 1 |
|
2001 |
| a |
|
Весёлая песенка |
| e |
|
Много песен есть вокруг... |
| 1 |
|
700 1 |
| a |
|
Рустамов |
| b |
|
Р. |
| 1 |
|
702 1 |
| a |
|
Коркин |
| b |
|
В. |
| 4 |
|
520 |
| 464 |
Аналитический уровень |
_0 |
| 1 |
|
2001 |
| a |
|
Марш юннатов |
| e |
|
До чего интересно, ребята... |
| 1 |
|
700 1 |
| a |
|
Дунаевский |
| b |
|
И. |
| 1 |
|
702 1 |
| a |
|
Матусовский |
| b |
|
М. |
| 4 |
|
520 |
| 464 |
Аналитический уровень |
_0 |
| 1 |
|
2001 |
| a |
|
Ты, соловушка, умолкни |
| e |
|
Ты, соловушка, умолкни... |
| 1 |
|
700 1 |
| a |
|
Глинка |
| b |
|
М. |
| 1 |
|
702 1 |
| a |
|
Забелла |
| b |
|
В. |
| 4 |
|
520 |
| 512 |
Заглавие обложки |
1_ |
| a |
Заглавие обложки |
Пение в школе |
| 606 |
Тематические рубрики |
0_ |
| a |
Основная рубрика |
Песни детские |
| x |
Основная подрубрика |
Учебные пособия |
| 610 |
Ключевые слова |
0_ |
| a |
Ключевые слова |
песни детские |
| 610 |
Ключевые слова |
0_ |
| a |
Ключевые слова |
учебные пособия |
| 686 |
Индексы других классификаций |
__ |
| a |
Классификационный индекс |
85.98я71 |
| 2 |
Код системы |
rubbk |
| 702 |
Вторичная интеллектуальная ответственность |
_1 |
| a |
Фамилия |
Зикс |
| b |
Имя (инициалы) |
И. |
| 4 |
Код отношения |
220 |
| 4 |
Код отношения |
030 |
| 801 |
Источник записи |
_0 |
| a |
Страна |
RU |
| b |
Организация |
Ульяновская ОНБ |
| c |
Дата составления |
20210907 |
| g |
Правила каталогизации |
RCR |
| 801 |
Источник записи |
_1 |
| a |
Страна |
RU |
| b |
Организация |
Ульяновская ОНБ |
| c |
Дата составления |
20210907 |
| g |
Правила каталогизации |
RCR |
| 901 |
Тип документа |
__ |
| t |
Тип документа |
n |
| w |
Контрольный № источника |
RU/УОНБ/EK_N/683901462 |
| 909 |
Создатель записи |
__ |
| a |
Создатель записи |
Лобина Л. И. |
| 938 |
Служебная информация |
__ |
| a |
Имя БД |
noti |
| b |
Имя библиотеки |
УОНБ |
| c |
Имя АИБС |
МАРК-SQL |
| d |
Номер DOC_ID в БД |
24499 |